Sunshine in thought (1862) /

Bibliographic Details
Main Author: Leland, Charles Godfrey, 1824-1903
Format: Book
Language:English
Published: Gainesville, Fla. : Scholars' Facsimiles & Reprints, 1959.
Series:Scholars' facsimiles & reprints
Subjects:

MARC

Tag First Indicator Second Indicator Subfields
LEADER 00000cam a2200000 4500
001 in00000058044
005 20151008050955.0
008 720808r19591862 eng u
010 |a  59006526  
035 |a (OCoLC)00375488 
035 |9 AAG4707AM 
040 |c WSU  |d OCL  |d TXA  |d UtOrBLW 
049 |a TXAM  |c [310234] 
050 0 |a BJ1477  |b .L4 1862a 
092 |a 179.9  |b L537s 1862r 
100 1 |a Leland, Charles Godfrey,  |d 1824-1903. 
245 1 0 |a Sunshine in thought (1862) /  |c A facsimile reproduction, with an introd. by Benjamin T. Spencer. 
264 1 |a Gainesville, Fla. :  |b Scholars' Facsimiles & Reprints,  |c 1959. 
300 |a 197 pages 
336 |a text  |b txt  |2 rdacontent 
337 |a unmediated  |b n  |2 rdamedia 
338 |a volume  |b nc  |2 rdacarrier 
490 0 |a Scholars' facsimiles & reprints 
500 |a "Reproduced from a copy in ... Ohio Wesleyan University Library." 
650 0 |a Cheerfulness. 
999 |a MARS 
999 f f |s a3ee6b32-03f3-3739-8458-64327264c6c0  |i c6f1fe98-9e95-3399-ae76-cf64afba08f8  |t 0 
952 f f |p ric  |a Texas A&M University  |b Rellis Campus  |c Joint Library Facility  |d Remote Storage  |t 0  |e BJ1477 .L4 1862a  |h Library of Congress classification  |i unmediated -- volume  |m A14800537428 
998 f f |a BJ1477 .L4 1862a  |t 0  |l Remote Storage